| 000 | 00410nam a2200157Ia 4500 | ||
|---|---|---|---|
| 008 | 221030s9999 xx 000 0 und d | ||
| 020 | _a817808984X | ||
| 041 | _aEnglish | ||
| 082 |
_a105.23 _bLev |
||
| 100 | _aA. Levitin | ||
| 245 | 0 |
_aIntroduction to the Design & Analysis of Algorithms _cby A. Levitin |
|
| 260 |
_bPearson Education _aNew Delhi _c2004 |
||
| 300 | _a497 | ||
| 650 | _aBE Computer | ||
| 942 | _cBK | ||
| 999 |
_c49 _d49 |
||